000 00317nam a2200121 4500
003 SGT
082 _a920
_bA22T
100 _aत्रिपाठी, सत्यदेव
245 _aअवसाद का आनंद
260 _b सेतु प्रकाशन
_c2022
300 _a425
942 _2ddc
_cBK
999 _c32003
_d32003